Música, dictadura, resistencia : la orquesta de parís en buenos aires /
Guardado en:
| Autor Principal: | |
|---|---|
| Formato: | Libro |
| Publicado: |
Buenos Aires :
Fondo de Cultura Económica,
2016
|
| Materias: | |
| Etiquetas: |
Agregar Etiqueta
Sin Etiquetas, Sea el primero en etiquetar este registro!
|
| LEADER | 00697nam a22002055a 4500 | ||
|---|---|---|---|
| 001 | EHU.bham044270 | ||
| 003 | AR-BHAM | ||
| 005 | 20161003112047.0 | ||
| 008 | 130507s2016##################000#0#####d | ||
| 020 | |a 9789877191011 | ||
| 082 | 7 | 8 | |a 789.282 |
| 100 | 1 | |a Buch, Esteban | |
| 245 | 1 | 0 | |a Música, dictadura, resistencia : |b la orquesta de parís en buenos aires / |c Esteban Buch |
| 260 | |a Buenos Aires : |b Fondo de Cultura Económica, |c 2016 | ||
| 300 | |a 301 p. | ||
| 600 | 1 | 4 | |a Barenboim, Daniel |
| 653 | |a Dictadura argentina y arte-1976-1983 | ||
| 653 | |a Autoritarismo y arte-1976-1983 | ||
| 653 | |a Música y dictadura argentina | ||
| 859 | |a AR-BHAM |b BIB. HUMANIDADES - General |h 789.282 |i B855 |p 506.16 |t Ej.1 | ||
